| 000 | 01235cab a22002535a 4500 | ||
|---|---|---|---|
| 001 | L143052 | ||
| 008 | 070904s2008 xxkd f v 000 0 eng d | ||
| 035 | _a(Sirsi) u143052 | ||
| 041 | 0 | _aeng | |
| 100 | 1 | _aDowden, Malcolm | |
| 245 | 0 | 0 |
_aRent review _b2007 update |
| 260 | _c2007 | ||
| 490 | 0 |
_aJournal of Property Investment and Finance _v26(2) 2008, 182-184(3) |
|
| 520 | _aProvides a law briefing discussing key cases and trends in commercial rent reviews. Finds that the key issues remain how strictly the mechanisms of rent review should be applied, and to what extent rent review clauses should reflect the presumption in favour of reality. (See also L140100 and L132476). | ||
| 590 | _aKA | ||
| 650 | 2 | 4 | _aUNITED SCIENTIFIC HOLDINGS LTD V BURNLEY BC |
| 650 | 2 | 4 | _aSTARMARK ENTERPRISES LTD V CPL DISTRIBUTION LIMITED SECRETARY OF STATE FOR COMMUNITIES AND LOCAL GOVERNMENT V STANDARD SECURITIES LTD |
| 650 | 2 | 4 | _aCOORS HOLDINGS LTD V DOW PROPERTIES LTD |
| 650 | 2 | 4 | _aST MARTINS PROPERTY INVESTMENTS V CABLE AND WIRELESS |
| 650 | 2 | 4 | _aCADOGAN AND ANOTHER V ESCADA AG AND OTHERS |
| 651 | 4 |
_aUnited Kingdom _y |
|
| 690 | _aPROPERTY-COMMERCIAL PROPERTY-COMMERCIAL LANDLORD AND TENANT-COMMERCIAL LEASES | ||
| 942 | _n0 | ||
| 999 |
_c80041 _d80041 |
||